000 00224nam a2200097Ia 4500
008 170619s9999 xx 000 0 und d
100 _aRICHI- DM
245 0 _aC PROGRAMMING LANGUAGE
260 _bPEARSON EDU. DELHI
260 _c2004
546 _aENGLISH
999 _c22929
_d22929